Solving least squares problems /

Guardado en:
Autor Principal: Lawson, Charles L.
Otros Autores: Hanson, Richard J., 1938-
Formato: Libro
Idioma:English
Publicado: Englewood Cliffs, N.J. : Prentice-Hall, c1974.
Series:Prentice-Hall series in automatic computation
Materias:
Etiquetas: Agregar Etiqueta
Sin Etiquetas, Sea el primero en etiquetar este registro!
LEADER 00924cam a22002535a 4500
001 EIQ.libpla000318
008 731114s1974####njua#####b####001#0#eng#d
005 20060512142545.0
245 1 0 |a Solving least squares problems /  |c Charles L. Lawson, Richard J. Hanson. 
260 |a Englewood Cliffs, N.J. :  |b Prentice-Hall,  |c c1974. 
300 |a xii, 340 p. :  |b il. ;  |c 24 cm. 
490 0 |a Prentice-Hall series in automatic computation 
500 |a Incluye índice. 
504 |a Bibliografía: p. 312-326. 
020 |a 0138225850 
100 1 |a Lawson, Charles L. 
700 1 |a Hanson, Richard J.,  |d 1938- 
082 0 0 |a 511/.42  |2 20 
650 4 |a Cuadrados mínimos  |x Procesamiento de datos. 
650 0 |a Least squares  |x Data processing. 
010 |a  73020119  
040 |a DLC  |c DLC  |d AR-BbSID 
859 |a AR-BbSID  |b BIB. PLAPIQUI  |h 519.4  |i L 444  |p 237  |t Ej. 1  |v Ej. 1 
859 |a AR-BbSID  |b BIB. PLAPIQUI  |h 519.4  |i L 444  |p 238  |t Ej. 2  |v Ej. 2